00355nam a2200121Ia 450000500170000000800410001702000180005808200240007610000310010024500470013126000450017830000100022320250502110443.0231217s9999 xx 000 0 und d a9780195676546 a001.6424C DEY;1 R aDey, Pradip. Ghosh, Manas. 0aComputer fundamentals and programming in C c2006bOxford University PressaNew Delhi av+817